| 000 | 00594nam a22001697a 4500 | ||
|---|---|---|---|
| 005 | 20250515144328.0 | ||
| 008 | 250515b |||||||| |||| 00| 0 eng d | ||
| 020 | _a9710860119 | ||
| 082 | _aDFil 658.309599 M366 1999 | ||
| 100 |
_aMartires, Concepcion Rodil. _957107 |
||
| 245 |
_aHuman resources management : _bprinciples and practices / _cConcepcion Rodil Martires |
||
| 250 | _aThird Edition. | ||
| 260 |
_aMandaluyong City : _bNational Book Store, _c©1999. |
||
| 300 |
_axii, 461 pages : _billustrations ; _c22 cm. |
||
| 500 | _aIncludes appendix, glossary, and index. | ||
| 942 |
_2ddc _cDFIL |
||
| 999 |
_c23627 _d23627 |
||